[Event "XXVIII Torneo B di Capodanno"]
[Site "Reggio nell'Emilia ITA"]
[Date "1985.12.27"]
[Round "1"]
[White "Antunes, Antonio"]
[Black "Grinza, Andrea"]
[Result "1/2-1/2"]
[WhiteElo "2465"]
[BlackElo "2295"]
[PlyCount "144"]
[EventDate "1985.12.27"]

1. d4 Nf6 2. c4 e6 3. Nc3 d5 4. cxd5 exd5 5. Bg5 Be7 6. e3 Nbd7 7. Nf3 c6 8.
Bd3 O-O 9. Qc2 Re8 10. O-O g6 11. Rab1 a6 12. b4 b5 13. a4 Nb6 14. Ne5 Bd7 15.
f3 Rc8 16. Qf2 Nh5 17. Bxe7 Qxe7 18. a5 Na8 19. e4 Nc7 20. Bc2 Nf4 21. Nxd7
Qxd7 22. e5 f6 23. exf6 Qd6 24. Qh4 Nh5 25. f7+ Kxf7 26. f4 Qf6 27. Qf2 Re7 28.
g4 Ng7 29. g5 Qe6 30. Rbe1 Qg4+ 31. Qg3 Qxg3+ 32. hxg3 Rce8 33. Rxe7+ Rxe7 34.
Kf2 Nce8 35. Rh1 Kg8 36. g4 Nd6 37. Re1 Rxe1 38. Kxe1 Ne6 39. Ne2 Kf7 40. Bd3
Nc4 41. Kf2 Nd2 42. Ke3 Nf1+ 43. Kf2 Nh2 44. Kg3 Nf1+ 45. Kf2 Nh2 46. f5 Nxg5
47. fxg6+ hxg6 48. Nf4 Nxg4+ 49. Kg3 Nf6 50. Bxg6+ Ke7 51. Bf5 Nge4+ 52. Kg2
Nd6 53. Bh3 Nc4 54. Bc8 Ne3+ 55. Kf3 Nc2 56. Nd3 Kd8 57. Bh3 Ne4 58. Kf4 Nxd4
59. Bg4 Kc7 60. Ke5 Nc2 61. Bd1 Ne3 62. Bf3 Nd2 63. Kf4 Nec4 64. Nc5 Nxf3 65.
Nxa6+ Kc8 66. Kxf3 Ne5+ 67. Ke3 Nd7 68. Kd4 Kb7 69. Nc5+ Nxc5 70. Kxc5 Kc7 71.
Kd4 Kd6 72. Ke3 Kc7 1/2-1/2

[Event "XXVIII Torneo B di Capodanno"]
[Site "Reggio nell'Emilia ITA"]
[Date "1985.12.27"]
[Round "1"]
[White "Belotti, Bruno"]
[Black "Popovych, Orest"]
[Result "1-0"]
[WhiteElo "2355"]
[BlackElo "2325"]
[PlyCount "97"]
[EventDate "1985.12.27"]

1. e4 c5 2. Nf3 d6 3. d4 cxd4 4. Nxd4 Nf6 5. Nc3 a6 6. a4 Nc6 7. Be2 e5 8. Nb3
Be7 9. O-O O-O 10. Be3 Be6 11. Bf3 Nb4 12. a5 Rc8 13. Qd2 d5 14. Bb6 Qd7 15.
exd5 Nfxd5 16. Nxd5 Nxd5 17. Rfd1 Nxb6 18. axb6 Qb5 19. Bxb7 Rb8 20. Bxa6 Qxb6
21. Qe2 Qc7 22. Bd3 f5 23. Nd4 Bd7 24. Nb5 Bxb5 25. Bxb5 e4 26. Qc4+ Qxc4 27.
Bxc4+ Kh8 28. b3 f4 29. Ra5 Bb4 30. Rb5 Rxb5 31. Bxb5 e3 32. Kf1 g5 33. Rd5 g4
34. Re5 Kg7 35. Rg5+ Kf6 36. Rxg4 Ke5 37. Ke2 Bd2 38. Bd3 h6 39. Rg6 Rh8 40.
Bc4 Bc1 41. Re6+ Kd4 42. Bd3 Rg8 43. Rg6 Rh8 44. b4 h5 45. Rf6 Rg8 46. Rxf4+
Kc3 47. g3 exf2 48. Rc4+ Kb2 49. Kxf2 1-0

[Event "XXVIII Torneo B di Capodanno"]
[Site "Reggio nell'Emilia ITA"]
[Date "1985.12.27"]
[Round "1"]
[White "De Boer, Gert-Jan"]
[Black "Maier, Christian"]
[Result "1/2-1/2"]
[WhiteElo "2410"]
[BlackElo "2295"]
[PlyCount "83"]
[EventDate "1985.12.27"]

1. Nf3 Nf6 2. d4 g6 3. c4 Bg7 4. Nc3 O-O 5. e4 d6 6. Be2 e5 7. Be3 Bg4 8. d5
Bxf3 9. Bxf3 Nbd7 10. O-O Ne8 11. Be2 a5 12. a3 Bf6 13. b4 Bg5 14. Qd2 h6 15.
Rac1 Ng7 16. Nb5 axb4 17. axb4 f5 18. Bxg5 hxg5 19. c5 dxc5 20. bxc5 Ra4 21.
exf5 Nxf5 22. c6 bxc6 23. dxc6 Nb6 24. Qxd8 Rxd8 25. Nxc7 Nd4 26. Bg4 Rd6 27.
h3 Kf7 28. Rc5 Rxc6 29. Rxc6 Nxc6 30. Rc1 Nd4 31. Rb1 Nc4 32. Nd5 Ra7 33. g3
Nd2 34. Rd1 Ne4 35. Re1 Nf6 36. Nxf6 Kxf6 37. Rb1 Ra6 38. Rb7 Nf5 39. Bf3 Rd6
40. Kg2 Rd2 41. Rb6+ Nd6 42. Ra6 1/2-1/2

[Event "XXVIII Torneo B di Capodanno"]
[Site "Reggio nell'Emilia ITA"]
[Date "1985.12.27"]
[Round "1"]
[White "Martorelli, Antonio"]
[Black "Bukal, Vladimir sr"]
[Result "1/2-1/2"]
[WhiteElo "2315"]
[BlackElo "2455"]
[PlyCount "67"]
[EventDate "1985.12.27"]

1. e4 e6 2. d4 d5 3. Nc3 Bb4 4. e5 c5 5. Bd2 Ne7 6. Nce2 Bxd2+ 7. Qxd2 cxd4 8.
Nxd4 Nbc6 9. f4 Nxd4 10. Qxd4 Nf5 11. Qd2 Qb6 12. O-O-O Ne3 13. Re1 Nxf1 14.
Rxf1 Qa6 15. Ne2 Qxa2 16. Nc3 Qa1+ 17. Nb1 Bd7 18. Rf3 Qa4 19. h4 h5 20. Ra3
Qc4 21. Rc3 Qa6 22. Qf2 b6 23. Rhh3 Rc8 24. Rxc8+ Qxc8 25. Ra3 Qb7 26. Nd2 g6
27. Qe2 a5 28. Nf3 a4 29. Qd2 Qa6 30. Qb4 Qc4 31. Qd6 Qf1+ 32. Kd2 Qf2+ 33. Kd1
Bb5 34. Qb8+ 1/2-1/2

[Event "XXVIII Torneo B di Capodanno"]
[Site "Reggio nell'Emilia ITA"]
[Date "1985.12.27"]
[Round "1"]
[White "Meyer, Claus Dieter"]
[Black "Mantovani, Renzo"]
[Result "1-0"]
[WhiteElo "2335"]
[BlackElo "2300"]
[PlyCount "91"]
[EventDate "1985.12.27"]

1. e4 c5 2. Nf3 d6 3. Bb5+ Nd7 4. c3 Ngf6 5. Qe2 a6 6. Ba4 e5 7. O-O Be7 8. d4
O-O 9. Rd1 Qc7 10. dxe5 dxe5 11. c4 Nb6 12. Bc2 Bg4 13. b3 Rfd8 14. Rxd8+ Rxd8
15. Nc3 Re8 16. a4 Bf8 17. a5 Nbd7 18. h3 Bh5 19. Qd3 Re6 20. Nd2 Qd8 21. Nf1
Rd6 22. Nd5 Bg6 23. f3 Nb8 24. Be3 Nc6 25. Qd2 Nd7 26. Ng3 Kh8 27. Bg5 Be7 28.
Bxe7 Nxe7 29. Qg5 f6 30. Qd2 Nc6 31. Nf1 Ndb8 32. Nfe3 Nb4 33. Qf2 N8c6 34.
Nxb4 cxb4 35. Nd5 Nxa5 36. Nxb4 Rd2 37. Qe3 b6 38. Rc1 h6 39. Nd5 Rd4 40. Ra1
Bf7 41. Qc3 Bg8 42. Qb4 Nc6 43. Qa4 b5 44. Qxa6 bxc4 45. bxc4 Rd2 46. Qxc6 1-0

[Event "XXVIII Torneo B di Capodanno"]
[Site "Reggio nell'Emilia ITA"]
[Date "1985.12.27"]
[Round "1"]
[White "Sartori, Spartaco"]
[Black "Messa, Roberto"]
[Result "1-0"]
[WhiteElo "2330"]
[BlackElo "2385"]
[PlyCount "105"]
[EventDate "1985.12.27"]

1. d4 d5 2. c4 e6 3. Nf3 Nf6 4. Nc3 Be7 5. Bg5 O-O 6. e3 h6 7. Bxf6 Bxf6 8. Rc1
c6 9. Bd3 Nd7 10. cxd5 exd5 11. b4 Be7 12. b5 Ba3 13. Rc2 Bd6 14. O-O Nf6 15.
Ne2 Bd7 16. bxc6 Bxc6 17. Rb2 a6 18. Ng3 g6 19. Ne5 Bxe5 20. dxe5 Nd7 21. e6
fxe6 22. Qg4 Qg5 23. Qxe6+ Kg7 24. h4 Qf6 25. Qg4 Kh8 26. Qxg6 Qxg6 27. Bxg6
Ne5 28. Bb1 Nc4 29. Rc2 b5 30. Ne2 a5 31. Rcc1 Rae8 32. Rfd1 Rf6 33. Rd4 a4 34.
Nf4 Rd8 35. Nd3 Rdf8 36. Rd1 Kg8 37. Rg4+ Kf7 38. Nb4 Bb7 39. Nxd5 Rd8 40. Rgd4
Rfd6 41. Nb4 Rxd4 42. Rxd4 Rxd4 43. exd4 Ke6 44. Bd3 Nd6 45. f3 Bd5 46. Kf2 Bc4
47. Be4 Nc8 48. Ke3 Nb6 49. g4 a3 50. f4 Na4 51. d5+ Kd6 52. Kd4 Nc5 53. Bg2
1-0

[Event "XXVIII Torneo B di Capodanno"]
[Site "Reggio nell'Emilia ITA"]
[Date "1985.12.28"]
[Round "2"]
[White "Belotti, Bruno"]
[Black "Costa, Jean-Luc"]
[Result "1-0"]
[WhiteElo "2355"]
[BlackElo "2275"]
[PlyCount "49"]
[EventDate "1985.12.27"]

1. e4 c5 2. Nf3 a6 3. c3 e6 4. d4 d5 5. e5 Nc6 6. Bd3 Bd7 7. a3 cxd4 8. cxd4
Qb6 9. Bc2 Rc8 10. O-O Na5 11. Nc3 Ne7 12. Ng5 h6 13. Nh3 Rc4 14. Ne2 Bb5 15.
b4 Nac6 16. Be3 Nd8 17. Nhf4 g6 18. Qd2 Bg7 19. Rfb1 Rc7 20. Nc3 Bc4 21. Ba4+
Ndc6 22. b5 axb5 23. Bxb5 Qa5 24. Ncxd5 Qxd2 25. Nxc7+ 1-0

[Event "XXVIII Torneo B di Capodanno"]
[Site "Reggio nell'Emilia ITA"]
[Date "1985.12.28"]
[Round "2"]
[White "Bukal, Vladimir sr"]
[Black "Antunes, Antonio"]
[Result "1-0"]
[WhiteElo "2455"]
[BlackElo "2465"]
[PlyCount "59"]
[EventDate "1985.12.27"]

1. c4 Nf6 2. Nc3 c5 3. Nf3 g6 4. d4 Bg7 5. g3 O-O 6. Bg2 d6 7. O-O Nc6 8. d5
Na5 9. Nd2 a6 10. Qc2 Rb8 11. b3 b5 12. Bb2 Bh6 13. f4 bxc4 14. bxc4 e5 15.
Rae1 exf4 16. gxf4 Nh5 17. e3 Bf5 18. Nce4 Re8 19. Bc3 Bxe4 20. Bxe4 Bg7 21.
Bf3 Bxc3 22. Qxc3 Nf6 23. e4 Nd7 24. e5 Nb7 25. e6 Qh4 26. Bg2 Re7 27. Re3 fxe6
28. dxe6 Nf8 29. Rh3 Qg4 30. Ne4 1-0

[Event "XXVIII Torneo B di Capodanno"]
[Site "Reggio nell'Emilia ITA"]
[Date "1985.12.28"]
[Round "2"]
[White "Grinza, Andrea"]
[Black "Sartori, Spartaco"]
[Result "1-0"]
[WhiteElo "2295"]
[BlackElo "2330"]
[PlyCount "111"]
[EventDate "1985.12.27"]

1. d4 e6 2. c4 Nf6 3. Nc3 Bb4 4. Qc2 c5 5. dxc5 O-O 6. Nf3 Na6 7. e3 Nxc5 8.
Bd2 b6 9. Be2 Bb7 10. O-O Qe7 11. a3 Bxc3 12. Bxc3 Nfe4 13. b4 Nxc3 14. Qxc3
Ne4 15. Qb2 f5 16. Ne1 Rf6 17. f3 Ng5 18. Rd1 Nf7 19. Qd4 Rd8 20. e4 fxe4 21.
fxe4 Rxf1+ 22. Bxf1 Qf6 23. Qe3 Qg5 24. Qxg5 Nxg5 25. e5 Nf7 26. Nd3 Kf8 27. g3
Rc8 28. Rc1 Be4 29. Re1 Bf5 30. Nc1 Ke7 31. Nb3 Rf8 32. Nd4 Bg4 33. h3 Bh5 34.
Bg2 Rc8 35. Bf1 h6 36. Bd3 Nh8 37. Nb5 a6 38. Nd6 Rf8 39. Rf1 Nf7 40. Nxf7 Rxf7
41. g4 Rxf1+ 42. Kxf1 Bf7 43. c5 bxc5 44. bxc5 a5 45. Ke2 Kd8 46. Be4 Kc7 47.
h4 Kb8 48. h5 Ka7 49. Kd3 Ka6 50. Kc4 Be8 51. Bg6 Bxg6 52. hxg6 Kb7 53. Kb5 a4
54. Kxa4 Kc6 55. Kb4 Kd5 56. a4 1-0

[Event "XXVIII Torneo B di Capodanno"]
[Site "Reggio nell'Emilia ITA"]
[Date "1985.12.28"]
[Round "2"]
[White "Mantovani, Renzo"]
[Black "De Boer, Gert-Jan"]
[Result "1-0"]
[WhiteElo "2300"]
[BlackElo "2410"]
[PlyCount "65"]
[EventDate "1985.12.27"]

1. e4 c5 2. Nf3 e6 3. Nc3 d6 4. d4 cxd4 5. Nxd4 Nf6 6. Be3 a6 7. Bc4 Be7 8. Bb3
O-O 9. Qe2 b5 10. O-O-O Qc7 11. f3 Nc6 12. g4 Bb7 13. g5 Nxd4 14. Rxd4 Nd7 15.
h4 Nc5 16. h5 f5 17. Rhd1 Rad8 18. exf5 Rxf5 19. f4 Rdf8 20. R4d2 Nxb3+ 21.
axb3 b4 22. Na4 e5 23. Kb1 Qc6 24. g6 h6 25. Nb6 Qb5 26. Nc4 exf4 27. Bxf4 Rxf4
28. Qe6+ Kh8 29. Qxe7 Bf3 30. Nxd6 Qxh5 31. Nf7+ R4xf7 32. Qxf7 Qc5 33. Rd8 1-0

[Event "XXVIII Torneo B di Capodanno"]
[Site "Reggio nell'Emilia ITA"]
[Date "1985.12.28"]
[Round "2"]
[White "Messa, Roberto"]
[Black "Meyer, Claus Dieter"]
[Result "1-0"]
[WhiteElo "2385"]
[BlackElo "2335"]
[PlyCount "85"]
[EventDate "1985.12.27"]

1. e4 c5 2. Nf3 e6 3. d4 cxd4 4. Nxd4 Nc6 5. Nc3 d6 6. Be2 Nf6 7. O-O Be7 8.
Be3 O-O 9. f4 e5 10. fxe5 dxe5 11. Nf5 Bxf5 12. Rxf5 g6 13. Rf2 Nd4 14. Bd3 Ne6
15. Kh1 h5 16. h3 Nf4 17. Qf3 Nxd3 18. cxd3 h4 19. Bh6 Qd4 20. Nd5 Nxd5 21.
exd5 f5 22. Bxf8 Rxf8 23. Rc2 Bd6 24. Re1 e4 25. dxe4 Qe5 26. g4 fxe4 27. Qxe4
Qg3 28. Qxg6+ Kh8 29. Qh6+ Kg8 30. Qg6+ Kh8 31. Qh6+ Kg8 32. Qe6+ Kh8 33. g5
Qd3 34. Rce2 Qf3+ 35. Rg2 Bg3 36. g6 Kg7 37. Qe7+ Kh6 38. Qe3+ Qxe3 39. Rxe3
Kxg6 40. Rgxg3+ hxg3 41. Rxg3+ Kh5 42. Rd3 Kh4 43. Kg2 1-0

[Event "XXVIII Torneo B di Capodanno"]
[Site "Reggio nell'Emilia ITA"]
[Date "1985.12.28"]
[Round "2"]
[White "Popovych, Orest"]
[Black "Maier, Christian"]
[Result "1-0"]
[WhiteElo "2325"]
[BlackElo "2295"]
[PlyCount "65"]
[EventDate "1985.12.27"]

1. e4 e6 2. d4 d5 3. Nd2 Nf6 4. e5 Nfd7 5. Bd3 c5 6. c3 Nc6 7. Ne2 cxd4 8. cxd4
f6 9. exf6 Qxf6 10. O-O Bd6 11. Nf3 O-O 12. Qc2 g6 13. a3 Qg7 14. Bb5 Rxf3 15.
Bxc6 Rf7 16. Bb5 e5 17. Qb3 Nb6 18. Be3 e4 19. Nc3 Kh8 20. a4 g5 21. a5 Qh6 22.
g3 Bg4 23. axb6 Bf3 24. Rfc1 Rf6 25. h4 Qg6 26. Bxg5 Rf5 27. Be2 Qh5 28. Bxf3
exf3 29. Nxd5 h6 30. Bf6+ Kh7 31. Be5 Qg4 32. Ne3 Qh3 33. Qd3 1-0

[Event "XXVIII Torneo B di Capodanno"]
[Site "Reggio nell'Emilia ITA"]
[Date "1985.12.29"]
[Round "3"]
[White "Costa, Jean-Luc"]
[Black "Popovych, Orest"]
[Result "1-0"]
[WhiteElo "2275"]
[BlackElo "2325"]
[PlyCount "91"]
[EventDate "1985.12.27"]

1. d4 Nf6 2. c4 c5 3. d5 b5 4. cxb5 a6 5. e3 axb5 6. Bxb5 Qa5+ 7. Nc3 Bb7 8.
Bd2 Qb6 9. Qb3 e6 10. e4 Nxe4 11. Nxe4 Bxd5 12. Qd3 f5 13. Ng3 Bxg2 14. N1e2
Bxh1 15. Nxh1 Be7 16. Nhg3 O-O 17. a4 d5 18. Nf4 Ra7 19. Kf1 Bf6 20. Re1 Re7
21. Nxe6 Rxe6 22. Qxd5 Kf7 23. Bc4 Rfe8 24. Nxf5 Kg6 25. Rxe6 Rxe6 26. Qxe6
Qxe6 27. Bxe6 Bxb2 28. Ne3 Nc6 29. Nc4 Bf6 30. Bd5 Nb4 31. Bb7 Bd8 32. a5 Bc7
33. a6 Bb8 34. Bxb4 cxb4 35. Ke2 Kf5 36. Nd6+ Kg4 37. Bd5 Kh3 38. Nb5 Kxh2 39.
a7 Bxa7 40. Nxa7 g5 41. Nc6 h5 42. Nxb4 g4 43. Nc2 g3 44. f4 g2 45. Bxg2 Kxg2
46. Ne3+ 1-0

[Event "XXVIII Torneo B di Capodanno"]
[Site "Reggio nell'Emilia ITA"]
[Date "1985.12.29"]
[Round "3"]
[White "De Boer, Gert-Jan"]
[Black "Messa, Roberto"]
[Result "1-0"]
[WhiteElo "2410"]
[BlackElo "2385"]
[PlyCount "59"]
[EventDate "1985.12.27"]

1. d4 d5 2. c4 e6 3. Nf3 Be7 4. Nc3 Nf6 5. Bg5 O-O 6. e3 h6 7. Bh4 b6 8. Bd3
Bb7 9. O-O dxc4 10. Bxc4 Nbd7 11. Qe2 a6 12. a4 c5 13. Rfd1 Ne4 14. Bg3 Nxg3
15. hxg3 Qc7 16. d5 exd5 17. Nxd5 Bxd5 18. Bxd5 Ra7 19. Bc4 Bf6 20. Rd2 Nb8 21.
Rad1 Re8 22. Nh4 Qc8 23. Qh5 Bxh4 24. Qxh4 Nc6 25. Rd6 Qc7 26. Bxf7+ Qxf7 27.
Rxc6 Qb3 28. Rd8 Ra8 29. Rd7 Re6 30. Qg4 1-0

[Event "XXVIII Torneo B di Capodanno"]
[Site "Reggio nell'Emilia ITA"]
[Date "1985.12.29"]
[Round "3"]
[White "Maier, Christian"]
[Black "Mantovani, Renzo"]
[Result "0-1"]
[WhiteElo "2295"]
[BlackElo "2300"]
[PlyCount "68"]
[EventDate "1985.12.27"]

1. Nf3 Nf6 2. c4 c5 3. Nc3 e6 4. e4 Nc6 5. Bd3 d6 6. Bc2 Bd7 7. O-O Be7 8. Re1
Qb8 9. a3 O-O 10. Rb1 Rc8 11. d3 a6 12. Ba4 Nd4 13. Nxd4 cxd4 14. Bxd7 Nxd7 15.
Ne2 Bf6 16. b3 b5 17. Bb2 e5 18. Rf1 Nc5 19. f4 bxc4 20. bxc4 Qb3 21. Qxb3 Nxb3
22. Bc3 Nc5 23. Bb4 Nxd3 24. Bxd6 Rxc4 25. fxe5 Bxe5 26. Bxe5 Nxe5 27. Rfd1 d3
28. Ng3 g6 29. Rb7 Kf8 30. Kf2 Rd8 31. Ke3 Rc2 32. Kf4 f6 33. Rxh7 Rf2+ 34. Ke3
Ng4# 0-1

[Event "XXVIII Torneo B di Capodanno"]
[Site "Reggio nell'Emilia ITA"]
[Date "1985.12.29"]
[Round "3"]
[White "Martorelli, Antonio"]
[Black "Belotti, Bruno"]
[Result "1/2-1/2"]
[WhiteElo "2315"]
[BlackElo "2355"]
[PlyCount "70"]
[EventDate "1985.12.27"]

1. d4 Nf6 2. c4 e6 3. Nc3 Bb4 4. e3 c5 5. Bd3 Bxc3+ 6. bxc3 Nc6 7. Ne2 d6 8.
O-O e5 9. Qc2 Qe7 10. Ng3 h5 11. dxc5 dxc5 12. Ne4 Ng4 13. f3 Nh6 14. Ba3 b6
15. Rad1 f5 16. Ng3 g6 17. f4 h4 18. Ne4 Nf7 19. Nf2 Bb7 20. e4 O-O-O 21. exf5
gxf5 22. Bxf5+ Kb8 23. Be4 Rdg8 24. Nh3 Na5 25. Bd5 Nxc4 26. Bxc4 Rxg2+ 27.
Qxg2 Bxg2 28. Kxg2 exf4 29. Rxf4 Ne5 30. Bd5 Ng4 31. Rxg4 Qe2+ 32. Nf2 Rf8 33.
Kh1 Rxf2 34. Rg8+ Kc7 35. Rg7+ Kb8 1/2-1/2

[Event "XXVIII Torneo B di Capodanno"]
[Site "Reggio nell'Emilia ITA"]
[Date "1985.12.29"]
[Round "3"]
[White "Meyer, Claus Dieter"]
[Black "Grinza, Andrea"]
[Result "1-0"]
[WhiteElo "2335"]
[BlackElo "2295"]
[PlyCount "177"]
[EventDate "1985.12.27"]

1. e4 c6 2. d4 d5 3. exd5 cxd5 4. Bd3 Nc6 5. c3 Nf6 6. Bf4 Bg4 7. Qb3 Qd7 8.
Nd2 e6 9. Ngf3 Bxf3 10. Nxf3 Bd6 11. Bg3 O-O 12. O-O Rab8 13. Qc2 Rfc8 14. Qe2
Qc7 15. Rae1 g6 16. Qe3 Qd8 17. Ng5 Ne8 18. h4 Ng7 19. h5 Ne7 20. hxg6 hxg6 21.
Bxd6 Nef5 22. Qh3 Qxg5 23. f4 Qg3 24. Qxg3 Nxg3 25. Rf3 N3f5 26. Bxb8 Rxb8 27.
Kf2 Nd6 28. Rh3 Nh5 29. Kf3 Kg7 30. g4 Nf6 31. g5 Nh5 32. Re5 Rh8 33. Rh4 Rd8
34. f5 exf5 35. Rxd5 f6 36. Rxh5 gxh5 37. gxf6+ Kxf6 38. Bxf5 Ke7 39. Bg6 Rf8+
40. Ke2 Rg8 41. Bxh5 Rg2+ 42. Kd3 Rxb2 43. Ra5 a6 44. Bf3 Rf2 45. Re5+ Kd7 46.
Be2 Rg2 47. a4 Rg3+ 48. Re3 Rg1 49. Kc2 Ra1 50. Kb3 Rb1+ 51. Kc2 Rg1 52. Re5
Rg2 53. Kb3 Nf7 54. Re3 Rg5 55. Rh3 Rg7 56. Bd3 Kc7 57. a5 Nd8 58. Rh5 Ne6 59.
Bc4 Rg5 60. Rh7+ Rg7 61. Rh6 Nd8 62. Bd5 Nc6 63. Bxc6 bxc6 64. Rh5 Kd6 65. Kc4
Rg6 66. Kb4 Rg1 67. Kc4 Ra1 68. Rg5 Ra2 69. Kb3 Ra1 70. Rh5 Rb1+ 71. Kc2 Ra1
72. Kd3 Rd1+ 73. Ke2 Rc1 74. Kd2 Ra1 75. Rg5 Ra2+ 76. Ke3 Ra1 77. c4 Re1+ 78.
Kd2 Ra1 79. Kc2 Ra3 80. Rh5 Ra1 81. Kb2 Rd1 82. Rh6+ Kc7 83. Kc3 Rb1 84. Rh7+
Kd6 85. c5+ Kd5 86. Rd7+ Ke4 87. Re7+ Kf5 88. Rc7 Rc1+ 89. Kd2 1-0

[Event "XXVIII Torneo B di Capodanno"]
[Site "Reggio nell'Emilia ITA"]
[Date "1985.12.29"]
[Round "3"]
[White "Sartori, Spartaco"]
[Black "Bukal, Vladimir sr"]
[Result "1-0"]
[WhiteElo "2330"]
[BlackElo "2455"]
[PlyCount "95"]
[EventDate "1985.12.27"]

1. c4 Nf6 2. Nc3 c5 3. Nf3 e6 4. e3 Nc6 5. d4 d5 6. cxd5 exd5 7. Bb5 Bd7 8. O-O
a6 9. Bxc6 Bxc6 10. Ne5 Qc7 11. b3 Bd6 12. Nxc6 bxc6 13. h3 cxd4 14. Qxd4 O-O
15. Bb2 c5 16. Qd3 Rfd8 17. Rac1 c4 18. Qf5 Qb7 19. Ne2 Ne4 20. Qg4 g6 21. f3
h5 22. Qh4 Be7 23. Qe1 Bb4 24. Qd1 Nd2 25. Rf2 cxb3 26. axb3 Rac8 27. Nd4 Rxc1
28. Qxc1 Rc8 29. Qd1 Qe7 30. Rxd2 Qxe3+ 31. Rf2 Be1 32. Qe2 Bxf2+ 33. Qxf2
Qxf2+ 34. Kxf2 a5 35. Ke2 a4 36. b4 Rc4 37. b5 a3 38. Bxa3 Rxd4 39. b6 Ra4 40.
b7 Rxa3 41. b8=Q+ Kh7 42. Qc7 Ra2+ 43. Kf1 Ra1+ 44. Kf2 Ra2+ 45. Kg3 Kg7 46.
Qe5+ Kg8 47. Qxd5 h4+ 48. Kh2 1-0

[Event "XXVIII Torneo B di Capodanno"]
[Site "Reggio nell'Emilia ITA"]
[Date "1985.12.30"]
[Round "4"]
[White "Belotti, Bruno"]
[Black "Antunes, Antonio"]
[Result "0-1"]
[WhiteElo "2355"]
[BlackElo "2465"]
[PlyCount "48"]
[EventDate "1985.12.27"]

1. e4 e5 2. f4 exf4 3. Nf3 d5 4. exd5 Nf6 5. Bb5+ c6 6. dxc6 bxc6 7. Be2 Bd6 8.
c4 O-O 9. Nc3 h6 10. O-O Nbd7 11. d4 g5 12. c5 Bb8 13. Bc4 Re8 14. Qb3 Re7 15.
h4 g4 16. Ne1 Nxc5 17. dxc5 Qd4+ 18. Kh1 f3 19. gxf3 Rxe1 20. Bxf7+ Kh8 21.
Rxe1 Qf2 22. Bf4 gxf3 23. Re2 fxe2 24. Bxb8 Bh3 0-1

[Event "XXVIII Torneo B di Capodanno"]
[Site "Reggio nell'Emilia ITA"]
[Date "1985.12.30"]
[Round "4"]
[White "Bukal, Vladimir sr"]
[Black "Meyer, Claus Dieter"]
[Result "1/2-1/2"]
[WhiteElo "2455"]
[BlackElo "2335"]
[PlyCount "71"]
[EventDate "1985.12.27"]

1. c4 e5 2. Nc3 d6 3. Nf3 f5 4. d4 e4 5. Ng5 Nf6 6. g3 g6 7. Bg2 Bg7 8. f3 exf3
9. exf3 O-O 10. O-O h6 11. Nh3 g5 12. Be3 Nc6 13. Qd2 Qe8 14. Nf2 a6 15. f4
gxf4 16. Bxf4 Qh5 17. Ne2 Bd7 18. Be3 Rae8 19. Nf4 Qf7 20. b3 Kh7 21. Rae1 Re7
22. d5 Nd8 23. Qd3 Kg8 24. a4 b6 25. Bh3 Rfe8 26. Bd2 Rxe1 27. Bxe1 Ne4 28. a5
Nxf2 29. Kxf2 Nb7 30. axb6 cxb6 31. b4 a5 32. bxa5 bxa5 33. Kg2 Nc5 34. Qa3 Qe7
35. Bf2 Qe4+ 36. Kg1 1/2-1/2

[Event "XXVIII Torneo B di Capodanno"]
[Site "Reggio nell'Emilia ITA"]
[Date "1985.12.30"]
[Round "4"]
[White "Costa, Jean-Luc"]
[Black "Martorelli, Antonio"]
[Result "0-1"]
[WhiteElo "2275"]
[BlackElo "2315"]
[PlyCount "92"]
[EventDate "1985.12.27"]

1. d4 Nf6 2. c4 g6 3. Nc3 Bg7 4. e4 d6 5. h3 O-O 6. Bg5 c5 7. d5 b5 8. cxb5 a6
9. a4 Qa5 10. Bd2 Qb4 11. Bd3 c4 12. Bc2 Nfd7 13. Rb1 Ne5 14. Na2 Qc5 15. Be3
Qc7 16. b6 Qd7 17. Ne2 a5 18. O-O Na6 19. b4 cxb3 20. Bxb3 Nc5 21. Bxc5 dxc5
22. f4 c4 23. fxe5 cxb3 24. Qxb3 Ba6 25. Nd4 Bxf1 26. Rxf1 Bxe5 27. Nc6 Qd6 28.
Qe3 Rac8 29. Kh1 Rxc6 30. dxc6 Qxc6 31. Nc1 Qxa4 32. Qc5 Bd6 33. Qd5 Qa1 34.
Rd1 a4 35. Nb3 Qb2 36. Na5 Qxb6 37. Nc4 Qc5 38. e5 Qxd5 39. Rxd5 Bb4 40. Rb5
Bc3 41. Rc5 Rb8 42. Rc7 Kf8 43. Kg1 Rb5 44. Nd6 Bd4+ 45. Kf1 exd6 46. exd6 Ra5
0-1

[Event "XXVIII Torneo B di Capodanno"]
[Site "Reggio nell'Emilia ITA"]
[Date "1985.12.30"]
[Round "4"]
[White "Grinza, Andrea"]
[Black "De Boer, Gert-Jan"]
[Result "1/2-1/2"]
[WhiteElo "2295"]
[BlackElo "2410"]
[PlyCount "40"]
[EventDate "1985.12.27"]

1. d4 Nf6 2. c4 e6 3. Nc3 Bb4 4. Bg5 h6 5. Bh4 c5 6. d5 b5 7. e3 O-O 8. Nf3 Bb7
9. Rc1 bxc4 10. dxe6 fxe6 11. Bxc4 d5 12. Bd3 Nbd7 13. O-O Qe7 14. Nd2 Ne5 15.
Be2 Rad8 16. Qa4 d4 17. Nc4 Ng6 18. Bg3 Bxc3 19. bxc3 d3 20. Bd1 Ne4 1/2-1/2

[Event "XXVIII Torneo B di Capodanno"]
[Site "Reggio nell'Emilia ITA"]
[Date "1985.12.30"]
[Round "4"]
[White "Messa, Roberto"]
[Black "Maier, Christian"]
[Result "0-1"]
[WhiteElo "2385"]
[BlackElo "2295"]
[PlyCount "80"]
[EventDate "1985.12.27"]

1. e4 e6 2. d4 d5 3. Nd2 Nf6 4. e5 Nfd7 5. Bd3 c5 6. c3 Nc6 7. Ne2 cxd4 8. cxd4
f6 9. exf6 Qxf6 10. Nf3 Bd6 11. O-O O-O 12. Bg5 Qf7 13. Bh4 e5 14. Ng5 Qf6 15.
Qb3 Nb6 16. f4 exf4 17. Bxh7+ Kh8 18. Nf3 Qh6 19. Bd3 Bg4 20. a4 Na5 21. Qb5
Nac4 22. a5 Nd7 23. Bxc4 dxc4 24. Qxc4 Rac8 25. Qa4 Rce8 26. Nc3 Re3 27. Qb5
Rxf3 28. gxf3 Bf5 29. Be1 Rf6 30. Rf2 Bh3 31. Ne4 Rg6+ 32. Kh1 Be7 33. Rc2 a6
34. Qd3 Nf6 35. Nxf6 Bxf6 36. Bc3 Qg5 37. Qe2 Qh5 38. Qf2 Bh4 39. Qe2 Re6 40.
Qd1 Qd5 0-1

[Event "XXVIII Torneo B di Capodanno"]
[Site "Reggio nell'Emilia ITA"]
[Date "1985.12.31"]
[Round "5"]
[White "Antunes, Antonio"]
[Black "Costa, Jean-Luc"]
[Result "1-0"]
[WhiteElo "2465"]
[BlackElo "2275"]
[PlyCount "89"]
[EventDate "1985.12.27"]

1. e4 c5 2. Nf3 a6 3. c3 e6 4. d4 d5 5. e5 Nc6 6. Bd3 Bd7 7. a3 cxd4 8. cxd4
Qb6 9. Bc2 Rc8 10. O-O Na5 11. Nbd2 Ne7 12. Re1 Nf5 13. Nf1 Be7 14. Bxf5 Nb3
15. Rb1 exf5 16. Bf4 h6 17. h4 Ba4 18. Ne3 Qe6 19. h5 g5 20. hxg6 fxg6 21. Nd2
Nxd2 22. Qxd2 g5 23. Bh2 f4 24. Nd1 O-O 25. Nc3 Bb3 26. Rbc1 f3 27. gxf3 Rxf3
28. Re3 Qg4+ 29. Kh1 Rcf8 30. Rxf3 Rxf3 31. Rg1 Qf5 32. Rg2 Rd3 33. Qe2 Rxd4
34. Qh5 Kg7 35. Qe8 Qe6 36. f4 Qf7 37. Qd7 Bc5 38. e6 Qe7 39. fxg5 Rh4 40.
gxh6+ Kxh6 41. Nxd5 Qf8 42. Nf4 Qxf4 43. Qg7+ Kh5 44. Qh7+ Qh6 45. Qf5+ 1-0

[Event "XXVIII Torneo B di Capodanno"]
[Site "Reggio nell'Emilia ITA"]
[Date "1985.12.31"]
[Round "5"]
[White "De Boer, Gert-Jan"]
[Black "Bukal, Vladimir sr"]
[Result "1-0"]
[WhiteElo "2410"]
[BlackElo "2455"]
[PlyCount "63"]
[EventDate "1985.12.27"]

1. d4 Nf6 2. Nf3 c5 3. d5 b5 4. Bg5 Qb6 5. c3 b4 6. c4 g6 7. Nbd2 Bg7 8. e4 d6
9. h3 O-O 10. Bd3 h6 11. Be3 e6 12. Qc2 a5 13. Rd1 a4 14. Qc1 Kh7 15. Nf1 exd5
16. exd5 Nfd7 17. h4 h5 18. g4 Nf6 19. gxh5 Nxh5 20. Ng3 Bg4 21. Ng5+ Kg8 22.
Be2 Bxe2 23. Kxe2 Nxg3+ 24. fxg3 Qd8 25. Rdf1 Ra7 26. h5 Re8 27. Kd1 Qc8 28.
hxg6 Qg4+ 29. Rf3 Rae7 30. Rh4 Qxg5 31. Bxg5 Re1+ 32. Kd2 1-0

[Event "XXVIII Torneo B di Capodanno"]
[Site "Reggio nell'Emilia ITA"]
[Date "1985.12.31"]
[Round "5"]
[White "Maier, Christian"]
[Black "Grinza, Andrea"]
[Result "1-0"]
[WhiteElo "2295"]
[BlackElo "2295"]
[PlyCount "97"]
[EventDate "1985.12.27"]

1. e4 c6 2. d4 d5 3. e5 Bf5 4. Nc3 e6 5. Bd3 Bxd3 6. Qxd3 Qb6 7. Nge2 Qa6 8.
Qh3 b5 9. Nf4 b4 10. Nce2 c5 11. O-O Nc6 12. dxc5 Bxc5 13. Nd3 Bb6 14. Qg4 Nge7
15. Qxg7 Rg8 16. Qxh7 Qc4 17. Bf4 Qxc2 18. Ng3 Nd4 19. Rac1 Ne2+ 20. Kh1 Nxc1
21. Rxc1 Qa4 22. Nh5 Kd8 23. b3 Qe8 24. Nf6 Rh8 25. Qg7 Qf8 26. Qg4 Rc8 27. Qd1
a5 28. Rxc8+ Kxc8 29. Qc2+ Kb7 30. Nc5+ Ka7 31. Nfd7 Qc8 32. Nxb6 Kxb6 33. Be3
Nf5 34. Na4+ Kb7 35. Bc5 Qc6 36. Qd3 Qa6 37. Qd1 Rh4 38. g4 Rh3 39. gxf5 Qd3
40. Qxd3 Rxd3 41. fxe6 fxe6 42. Kg2 Rd2 43. h4 d4 44. h5 d3 45. h6 Rc2 46. Kf3
Rxa2 47. Be3 d2 48. Ke2 Ra1 49. Bxd2 1-0